|
|
|
|
| LEADER |
00000cam a22000004a 4500 |
| 001 |
musev2_21685 |
| 003 |
MdBmJHUP |
| 005 |
20230905042319.0 |
| 006 |
m o d |
| 007 |
cr||||||||nn|n |
| 008 |
060706s2006 hu o 00 0 eng d |
| 020 |
|
|
|a 9786155211447
|
| 020 |
|
|
|z 9789637326790
|
| 035 |
|
|
|a (OCoLC)290503677
|
| 040 |
|
|
|a MdBmJHUP
|c MdBmJHUP
|
| 100 |
1 |
|
|a Vanhuysse, Pieter.
|
| 245 |
1 |
0 |
|a Divide and Pacify :
|b Strategic Social Policies and Political Protests in Post-Communist Democracies /
|c Pieter Vanhuysse.
|
| 264 |
|
1 |
|a New York :
|b Central European University Press,
|c 2006.
|
| 264 |
|
3 |
|a Baltimore, Md. :
|b Project MUSE,
|c 2014
|
| 264 |
|
4 |
|c ©2006.
|
| 300 |
|
|
|a 1 online resource (190 pages):
|b illustrations
|
| 336 |
|
|
|a text
|b txt
|2 rdacontent
|
| 337 |
|
|
|a computer
|b c
|2 rdamedia
|
| 338 |
|
|
|a online resource
|b cr
|2 rdacarrier
|
| 505 |
0 |
|
|a Introduction -- The unexpected peacefulness of transitions -- Political quiescence despite conditions for conflict -- Preventing protests: divide and pacify as political strategy -- The great abnormal pensioner booms: strategic social policies in practice -- Peaceful pathways: the political economy of post- communist welfare -- Conclusions.
|
| 546 |
|
|
|a English.
|
| 588 |
|
|
|a Description based on print version record.
|
| 650 |
1 |
7 |
|a Protestacties.
|2 gtt
|
| 650 |
1 |
7 |
|a Politieke verandering.
|2 gtt
|
| 650 |
1 |
7 |
|a Sociale politiek.
|2 gtt
|
| 650 |
|
7 |
|a Social policy.
|2 fast
|0 (OCoLC)fst01122738
|
| 650 |
|
7 |
|a Politics and government
|2 fast
|0 (OCoLC)fst01919741
|
| 650 |
|
7 |
|a Patronage, Political.
|2 fast
|0 (OCoLC)fst01055231
|
| 650 |
|
7 |
|a New democracies.
|2 fast
|0 (OCoLC)fst01737573
|
| 650 |
|
7 |
|a POLITICAL SCIENCE
|x Public Policy
|x Social Policy.
|2 bisacsh
|
| 650 |
|
7 |
|a POLITICAL SCIENCE
|x Political Process
|x General.
|2 bisacsh
|
| 650 |
|
6 |
|a Favoritisme
|z Europe centrale.
|
| 650 |
|
6 |
|a Nouvelles democraties
|z Europe centrale.
|
| 650 |
|
0 |
|a Patronage, Political
|z Europe, Central.
|
| 650 |
|
0 |
|a New democracies
|z Europe, Central.
|
| 651 |
|
7 |
|a Tsjechië.
|2 gtt
|
| 651 |
|
7 |
|a Hongarije.
|2 gtt
|
| 651 |
|
7 |
|a Polen (land)
|2 gtt
|
| 651 |
|
7 |
|a Poland.
|2 fast
|0 (OCoLC)fst01206891
|
| 651 |
|
7 |
|a Hungary.
|2 fast
|0 (OCoLC)fst01205132
|
| 651 |
|
7 |
|a Central Europe.
|2 fast
|0 (OCoLC)fst01244544
|
| 651 |
|
7 |
|a Czech Republic.
|2 fast
|0 (OCoLC)fst01256743
|
| 651 |
|
6 |
|a Hongrie
|x Politique et gouvernement
|y 1989-
|
| 651 |
|
6 |
|a Republique tcheque
|x Politique et gouvernement
|y 1993-
|
| 651 |
|
6 |
|a Pologne
|x Politique et gouvernement
|y 1989-
|
| 651 |
|
0 |
|a Hungary
|x Politics and government
|y 1989-
|
| 651 |
|
0 |
|a Czech Republic
|x Politics and government
|y 1993-
|
| 651 |
|
0 |
|a Poland
|x Politics and government
|y 1989-
|
| 651 |
|
0 |
|a Europe, Central
|x Social policy.
|
| 655 |
|
0 |
|a Electronic book.
|
| 655 |
|
7 |
|a Electronic books.
|2 local
|
| 710 |
2 |
|
|a Project Muse.
|e distributor
|
| 830 |
|
0 |
|a Book collections on Project MUSE.
|
| 856 |
4 |
0 |
|z Texto completo
|u https://projectmuse.uam.elogim.com/book/21685/
|
| 945 |
|
|
|a Project MUSE - Custom Collection
|
| 945 |
|
|
|a Project MUSE - Archive Complete Supplement II
|
| 945 |
|
|
|a Project MUSE - Archive Political Science and Policy Studies Supplement II
|
| 945 |
|
|
|a Project MUSE - Archive Russian and East European Studies Supplement
|